Normal view
MARC view
- FINANCIAL ENGINEERING.PRINCIPLES OF FINANCIAL MANAGEMENT
Entry Topical Term
001 - CONTROL NUMBER
- control field: 64868
003 - CONTROL NUMBER IDENTIFIER
- control field: NUST
005 - DATE AND TIME OF LATEST TRANSACTION
- control field: 20210628203338.0
008 - FIXED-LENGTH DATA ELEMENTS
- fixed length control field: 210628|| aca||aabn | a|a d
040 ## - CATALOGING SOURCE
- Original cataloging agency: NUST
- Transcribing agency: NUST
150 ## - HEADING--TOPICAL TERM
- Topical term or geographic name entry element: FINANCIAL ENGINEERING.PRINCIPLES OF FINANCIAL MANAGEMENT
670 ## - SOURCE DATA FOUND
- Source citation: Work cat.: (NUST): Neftci, Salih.N 64867, Principles of financial engineering, 2008
